LIBRARY & INFORMATION CENTRE, KCAET, TAVANUR

ONLINE PUBLIC ACCESS CATALOGUE (OPAC)

Agricultural extension in developing / (Record no. 9390)

MARC details
000 -LEADER
fixed length control field 00405cam a2200169ua 4500
020 ## - INTERNATIONAL STANDARD BOOK NUMBER
ISBN 0 582 65025 9
041 ## - LANGUAGE CODE
Language code of text/sound track or separate title eng
082 ## - DEWEY DECIMAL CLASSIFICATION NUMBER
Classification number 630.7
Item number ADA/AG
100 ## - MAIN ENTRY--AUTHOR NAME
Personal name Adams, .
245 ## - TITLE STATEMENT
Title Agricultural extension in developing /
250 ## - EDITION STATEMENT
Edition statement 1 /
260 ## - PUBLICATION, DISTRIBUTION, ETC. (IMPRINT)
Place of publication London :
Name of publisher Longman ,
Year of publication 1982.
300 ## - PHYSICAL DESCRIPTION
Number of Pages 106 ; .
942 ## - ADDED ENTRY ELEMENTS (KOHA)
Koha item type Books
Holdings
Withdrawn status Lost status Damaged status Home library Current library Date acquired Full call number Accession Number Koha item type
      KAUAET KAUAET 25/03/1987 630.7 16070 Books
free website counter